Introduction to the Constitution of India (Record no. 49822)

MARC details
000 -LEADER
fixed length control field 00399nam a2200133Ia 4500
008 - FIXED-LENGTH DATA ELEMENTS--GENERAL INFORMATION
fixed length control field 211109s9999||||xx |||||||||||||| ||und||
082 ## - DEWEY DECIMAL CLASSIFICATION NUMBER
Classification number 342.020954
Item number PYL-I
100 ## - MAIN ENTRY--PERSONAL NAME
Personal name Pylee, M V
245 #0 - TITLE STATEMENT
Title Introduction to the Constitution of India
260 ## - PUBLICATION, DISTRIBUTION, ETC.
Name of publisher, distributor, etc. Vikas
Place of publication, distribution, etc. New Delhi
Date of publication, distribution, etc. 1995
630 ## - SUBJECT ADDED ENTRY--UNIFORM TITLE
General subdivision MBA LIBRARY
650 ## - SUBJECT ADDED ENTRY--TOPICAL TERM
Topical term or geographic name entry element Constitutional & administrative law
942 ## - ADDED ENTRY ELEMENTS (KOHA)
Koha item type BOOK
650 ## - SUBJECT ADDED ENTRY--TOPICAL TERM
Form subdivision Law
General subdivision Social sciencesManagement
Holdings
Withdrawn status Lost status Damaged status Not for loan Home library Current library Date acquired Cost, normal purchase price Total Checkouts Full call number Barcode Shelving location Date last seen Price effective from Koha item type
        SB LIBRARY SB LIBRARY 09/11/2021 65.00   342.020954 PYL-I 00091978 MBA LIBRARY 09/11/2021 09/11/2021 BOOK

Powered by Koha